Corporate accounting (Record no. 6325)

MARC details
000 -LEADER
fixed length control field 00532cam a2200217ua 4500
001 - CONTROL NUMBER
control field 7205
005 - DATE AND TIME OF LATEST TRANSACTION
control field 20260515114153.0
008 - FIXED-LENGTH DATA ELEMENTS--GENERAL INFORMATION
fixed length control field 141203n ii |||gr||||Z||||||eng
020 ## - INTERNATIONAL STANDARD BOOK NUMBER
International Standard Book Number 9788125931294
040 ## - CATALOGING SOURCE
Transcribing agency MAIN
041 ## - LANGUAGE CODE
Language code of text/sound track or separate title eng
082 ## - DEWEY DECIMAL CLASSIFICATION NUMBER
Classification number 657
100 ## - MAIN ENTRY--PERSONAL NAME
Personal name Maheshwari, S.N.,
Relator term Author.
245 ## - TITLE STATEMENT
Title Corporate accounting
Statement of responsibility, etc. By S.N. Maheshwari
250 ## - EDITION STATEMENT
Edition statement 5th rev.
260 ## - PUBLICATION, DISTRIBUTION, ETC.
Place of publication, distribution, etc. New Delhi:
Name of publisher, distributor, etc. Vikas,
Date of publication, distribution, etc. 2012.
300 ## - PHYSICAL DESCRIPTION
Extent 3.322p.
653 ## - INDEX TERM--UNCONTROLLED
Uncontrolled term Corporate accounting
700 ## - ADDED ENTRY--PERSONAL NAME
Personal name Maheshwari, S.K..,
Relator term Author.
942 ## - ADDED ENTRY ELEMENTS (KOHA)
Koha item type Books
Holdings
Withdrawn status Lost status Damaged status Not for loan Home library Current library Shelving location Date acquired Total checkouts Full call number Barcode Date last seen Copy number Price effective from Koha item type
        Naharkatiya College Library Naharkatiya College Library General stacks 09/19/2020   657 | MAH 21046 09/19/2020 1 09/19/2020 Books
        Naharkatiya College Library Naharkatiya College Library General stacks 09/19/2020   657 | MAH 21047 09/19/2020 2 09/19/2020 Books